Vista normal Vista MARC

Entrada Topical Term

Número de registros utilizados en: 1

001 - CONTROL NUMBER

  • control field: 38912

003 - CONTROL NUMBER IDENTIFIER

  • control field: OSt

005 - DATE AND TIME OF LATEST TRANSACTION

  • control field: 20210730124008.0

008 - FIXED-LENGTH DATA ELEMENTS

  • fixed length control field: 210730|| aca||aabn | a|a d

040 ## - CATALOGING SOURCE

  • Original cataloging agency: OSt
  • Transcribing agency: OSt

150 ## - HEADING--TOPICAL TERM

  • Topical term or geographic name entry element: Aspectos sociales

670 ## - SOURCE DATA FOUND

  • Source citation: Work cat.: (OSt)12052: Sanchis Palacio, Joan Ramón., autor 38911, La banca que necesitamos :